|
|
|
|
| LEADER |
00000nam0a2200000 4500 |
| 001 |
343086 |
| 005 |
20231102005524.0 |
| 010 |
|
|
|a 5852102237
|
| 035 |
|
|
|a (RuTPU)RU\TPU\book\372837
|
| 090 |
|
|
|a 343086
|
| 100 |
|
|
|a 20190620d2004 k y0rusy50 ca
|
| 101 |
0 |
|
|a rus
|
| 102 |
|
|
|a RU
|
| 105 |
|
|
|a a z 001zy
|
| 200 |
1 |
|
|a Солеобразование при добыче нефти
|f В. Е. Кащавцев, И. Т. Мищенко
|
| 210 |
|
|
|a Москва
|c Орбита-М
|d 2004
|
| 215 |
|
|
|a 432 с.
|c ил.
|
| 320 |
|
|
|a Библиогр.: с. 425-427
|
| 330 |
|
|
|a Освещены вопросы теории и практики процесса солеобразования при добыче обводненной нефти с целью предотвращения и удаления солевых осадков в скважинах, нефтепромысловом оборудовании, в системах наземного сбора и подготовки углеводородного сырья, а также его потерь при сбоях в работе и простоях скважин. Изложены условия и причины отложения солей, методы их прогнозирования, технологии предупреждения, главным образом ингибиторная защита скважин и оборудования в отечественной и зарубежной нефтепромысловой практике. Уделено внимание вопросам автоматизированного мониторинга на основе модельных решений процесса солеобразования. Приведены примеры практической реализации технологических решений и методических разработок.
|
| 606 |
1 |
|
|a Нефтяные скважины
|x Отложение солей
|2 stltpush
|3 (RuTPU)RU\TPU\subj\46116
|9 65301
|
| 610 |
1 |
|
|a нефть
|
| 610 |
1 |
|
|a добыча
|
| 610 |
1 |
|
|a солеобразование
|
| 610 |
1 |
|
|a причины
|
| 610 |
1 |
|
|a условия
|
| 610 |
1 |
|
|a соли
|
| 610 |
1 |
|
|a внутрипластовое осадкообразование
|
| 610 |
1 |
|
|a прогнозирование
|
| 610 |
1 |
|
|a скважины
|
| 610 |
1 |
|
|a оборудование
|
| 610 |
1 |
|
|a контроль
|
| 610 |
1 |
|
|a солевые образования
|
| 610 |
1 |
|
|a предотвращение
|
| 610 |
1 |
|
|a удаление
|
| 610 |
1 |
|
|a окружающая среда
|
| 610 |
1 |
|
|a охрана окружающей среды
|
| 610 |
1 |
|
|a гидрохимический мониторинг
|
| 610 |
1 |
|
|a промышленный опыт
|
| 675 |
|
|
|a 622.276.72
|v 4
|
| 700 |
|
1 |
|a Кащавцев
|b В. Е.
|g Владилен Елистратович
|
| 701 |
|
1 |
|a Мищенко
|b И. Т.
|g Игорь Тихонович
|
| 801 |
|
1 |
|a RU
|b 63413507
|c 20190620
|
| 801 |
|
2 |
|a RU
|b 63413507
|c 20190903
|g RCR
|
| 942 |
|
|
|c BK
|
| 959 |
|
|
|a 8/20190619
|d 2
|e 820,00
|f УФ:1
|f ЧЗТЛ:1
|